000
00207 a2200097 4500
001
47397
100
_a
Blackett P
245
_a
Studies of war
260
_a
London
_b
Oliver & Boyd
_c
090
_c
30428
_d
30428
942
_a
NUST-CAE
_c
M
_c
22701
999
_c
282470
_d
282470